Staré povinnosti svobodných zednářů.
Uložené v:
| Médium: | Kniha |
|---|---|
| Jazyk: | Czech |
| Vydané: |
Bratislava :
Cad Press,
1993
|
| Vydanie: | 1. vyd. |
| Edícia: | Světové duchovní proudy
Sv. 41. |
| Témy: | |
| ISBN: |
8085349256 (brož.) |
| Fyzický popis: |
127 s. |
| Tagy: |
Pridať tag
Žiadne tagy, Buďte prvý kto otaguje tento záznam!
|
Titul je dostupný aj v ... 

MARC
| LEADER | 00000nam a2200000 a 4500 | ||
|---|---|---|---|
| 001 | 000072467 | ||
| 003 | SVKK | ||
| 005 | 20010430000000.0 | ||
| 008 | 001121s1993 xo e czeo | ||
| 020 | |a 8085349256 (brož.) | ||
| 040 | |a SVKKK |b slo |c SVKKK |e AACR2 | ||
| 041 | 0 | |a cze | |
| 044 | |a xo |c SK | ||
| 080 | |a 061.236.6(091) |2 1997 | ||
| 245 | 0 | 0 | |a Staré povinnosti svobodných zednářů. |
| 250 | |a 1. vyd. | ||
| 260 | |a Bratislava : |b Cad Press, |c 1993 | ||
| 300 | |a 127 s. | ||
| 440 | 0 | |a Světové duchovní proudy |v Sv. 41. | |
| 653 | 0 | |a slobodomurárstvo |2 SVKKKPH | |
| 653 | 0 | |a Európa |2 SVKKKPH | |
| 653 | 0 | |a dejiny |2 SVKKKPH | |
| 655 | 7 | |a príručky |2 SVKKKPH | |
| 910 | |a svkkk | ||
| 919 | |a 80-85349-25-6 | ||
| 974 | |a MI |d 20001121 | ||
| 974 | |a PA |d 20001121 | ||
| 974 | |a PA |d 20010430 | ||
| 998 | |a BK | ||
| 090 | |g SCKHL |k Sklad Pribinova 2. posch. |a II.355131 |j 864897 |i 2720186858 |s Povinný výt. | ||